Ancient cities: Mediterranean sea and Near East - Map Quiz - Statistics

General Stats
  • This quiz has been taken 2,996 times
  • The average score is 12 of 16
Answers on the Map
Answers color-coded by a green-red scale on the quiz's map according to % correct below.
 
Answer Stats
Answer % Correct
Rome
95%
Alexandria
92%
Athens
92%
Constantinople
92%
Carthage
90%
Sparta
82%
Rhodes
80%
Thebes/Luxor
79%
Babylon
78%
Memphis
67%
Persepolis
66%
Antioch
63%
Tyre
61%
Ephesus
57%
Palmyra
52%
Uruk
50%
No matching quizzes found
Score Distribution
Percent of People with Each Score
Percentile by Number Answered
Your Score History
You have not taken this quiz